| 000 | 01738cam a2200349 i 4500 | ||
|---|---|---|---|
| 001 | 82245 | ||
| 003 | BD-RjUL | ||
| 005 | 20231104124217.0 | ||
| 008 | 231104m1942 ii c 000 0 per | ||
| 035 | _a(BD-RjUL)82245 | ||
| 040 |
_aDLC _beng _erda _cDLC _dDLC |
||
| 041 | 0 |
_aper _burd |
|
| 082 |
_223 _a025.34129155 _bABM 1942 |
||
| 100 |
_aعبد المقتدر. ;; ʻAbd al-Muqtadir. _99913 |
||
| 110 | 2 |
_6= _aK̲h̲udā Bak̲h̲sh Oriyanṭal Pablik Lāʼibrerī. _99914 |
|
| 245 | 1 | 0 |
_aمرأة العلوم :Mirʼāt al-ʻulūm : _bفهرست نسخ خطى فارسي اورينٹل پبلک لائبريرى،بانکی پور پتنه / ;; fihrist-i nuskhahʹhā-yi khaṭṭī-i fersii Oriental Public Lāʼibrīrī, bankipure Patnah / _cمرتبه عبد المقتدر. ;; Murattabah-i ʻAbd al-Muqtadir. |
| 264 | 1 |
_aپٹنه : Paṭnah : _bK̲h̲udā Bak̲h̲sh Oriyanṭal Pablik Lāʼibrerī,خدا بخش اورينٹل پبلک لائبريرى، _c1942 |
|
| 300 |
_avolumes ; _c23 cm. |
||
| 336 |
_atext _2rdacontent |
||
| 337 |
_aunmediated _2rdamedia |
||
| 338 |
_avolume _2rdacarrier |
||
| 505 | _aVol.1.--V.2.-- | ||
| 610 | 2 | 0 |
_aخدا بخش اورينٹل پبلک لائبريرى. K̲h̲udā Bak̲h̲sh Oriyanṭal Pablik Lāʼibrerī _99915 |
| 650 | 0 |
_aManuscripts, Persian _zIndia _zPatna _vCatalogs. _9508 |
|
| 650 | 0 |
_aManuscripts, Arabic _zIndia _zPatna _vCatalogs. _9507 |
|
| 650 | 0 |
_aManuscripts, Urdu _zIndia _zPatna _vCatalogs. _99916 |
|
| 700 | 1 |
_aMuqtadir, Abdul, _d1881- _99917 |
|
| 700 | 1 |
_aSher, Sayyid At̤har, _d1934- _99918 |
|
| 700 | 1 |
_aQāsimī, Muḥammad ʻAtīqurraḥmān. _99919 |
|
| 942 |
_2ddc _cBK |
||
| 999 |
_c82245 _d82245 |
||